উত্তররামচরিত : (Record no. 40993)
[ view plain ]
| 000 -LEADER | |
|---|---|
| fixed length control field | 01235nam a2200253 a 4500 |
| 001 - CONTROL NUMBER | |
| control field | 40993 |
| 003 - CONTROL NUMBER IDENTIFIER | |
| rucl marc code | BD-RjUL |
| 005 - DATE AND TIME OF LATEST TRANSACTION | |
| control field | 20211209053317.0 |
| 008 - FIXED-LENGTH DATA ELEMENTS--GENERAL INFORMATION | |
| fixed length control field | 160514s1998 ii ||||| |||| 00| 0 ben d |
| 020 ## - INTERNATIONAL STANDARD BOOK NUMBER | |
| Terms of availability | : IRs 125.00 |
| 035 ## - SYSTEM CONTROL NUMBER | |
| System control number | (BD-RjUL)41109 |
| 040 ## - CATALOGING SOURCE | |
| Original cataloging agency | BD-RjUL |
| Language of cataloging | ben |
| Transcribing agency | BD-RjUL |
| 041 ## - LANGUAGE CODE | |
| Language code of text/sound track or separate title | ben |
| 082 ## - DEWEY DECIMAL CLASSIFICATION NUMBER | |
| Edition number | 23 |
| Classification number | 891.2 |
| Author mark and year | SAU 1998 |
| 100 ## - MAIN ENTRY--PERSONAL NAME | |
| Personal name | শাস্ত্রী, সীতানাথ আচার্য |
| 9 (RLIN) | 126153 |
| 245 10 - TITLE STATEMENT | |
| Title | উত্তররামচরিত : |
| Remainder of title | ভূমিকা, সমীক্ষাত্নক আলোচনা, মূল, বীররাঘবের টীকা, বঙ্গানুবাদ, সংস্কৃতিক ব্যাখ্যা / |
| Statement of responsibility, etc. | সীতানাথ আচার্য শাস্ত্রী, দেবকুমার দাশ; সম্পাদক |
| 250 ## - EDITION STATEMENT | |
| Edition statement | ১ম সং. |
| 260 ## - PUBLICATION, DISTRIBUTION, ETC. (IMPRINT) | |
| Place of publication, distribution, etc. | কলিকাতা : |
| Name of publisher, distributor, etc. | সংস্কৃত পুস্তক ভান্ডার, |
| Date of publication, distribution, etc. | ১৯৯৮ |
| 300 ## - PHYSICAL DESCRIPTION | |
| Pagination | ৩০০ পৃ. ; |
| Size | ২১ সেমি. |
| 650 ## - SUBJECT ADDED ENTRY--TOPICAL TERM | |
| Topical term or geographic name as entry element | Sanskrit Literature |
| 9 (RLIN) | 126154 |
| Topical term or geographic name as entry element | সংস্কৃত সাহিত্য |
| 9 (RLIN) | 126155 |
| 700 ## - ADDED ENTRY--PERSONAL NAME | |
| Personal name | দাশ, দেবকুমার |
| 942 ## - ADDED ENTRY ELEMENTS (KOHA) | |
| Source of classification or shelving scheme | Dewey Decimal Classification |
| Koha item type | Books |
| Lost status | Source of classification or shelving scheme | Damaged status | Not for loan | Collection code | Permanent Location | Current Location | Shelving location | Date acquired | Source of acquisition | Cost, normal purchase price | Total Checkouts | Full call number | Date last seen | Date checked out | Copy number | Koha item type |
|---|---|---|---|---|---|---|---|---|---|---|---|---|---|---|---|---|
| Dewey Decimal Classification | Non-fiction | Central Library, University of Rajshahi | Central Library, University of Rajshahi | 21/03/2006 | Dhaka : Paragon | 125.00 | 1 | B 891.2 UTT 1998 | 13/04/2022 | 27/03/2022 | C-2 | Books | ||||
| Dewey Decimal Classification | Non-fiction | Central Library, University of Rajshahi | Central Library, University of Rajshahi | 21/03/2006 | Paragon Enterprises Dhaka | 100.00 | 1 | B 891.2 UTT 1998 | 13/11/2023 | 07/11/2023 | C-3 | Books | ||||
| Dewey Decimal Classification | Non-fiction | Central Library, University of Rajshahi | Central Library, University of Rajshahi | 21/03/2006 | Paragon Enterprises Dhaka | 100.00 | B 891.2 UTT 1998 | 17/08/2016 | C-4 | Books |